Formulación de política pública de desarrollo económico del municipio de Ocotal
La presente investigación tiene como objetivo formulación de política pública de Desarrollo económico del municipio de Ocotal, que contribuya al fortalecimiento de la gestión pública municipal encaminada a promover el desarrollo económico local con equidad de género, a la vez. Permitió val...
| Main Author: | |
|---|---|
| Other Authors: | |
| Format: | Tesis Section = Libro |
| Language: | Undetermined Spanish |
| Published: |
Managua
UNI
2015
|
| Subjects: |
| LEADER | 01175nam a2200253Ia 4500 | ||
|---|---|---|---|
| 008 | 240830s9999 xx 000 0 und d | ||
| 040 | |a BIBLIOTECA-RUSB/ M.Mon 338.9 I68 | ||
| 041 | |a spa | ||
| 082 | |a M.Mon 338.9 I68 | ||
| 100 | 1 | |a Irías Carrasco, Norma del Socorro | |
| 245 | 1 | 0 | |a Formulación de política pública de desarrollo económico del municipio de Ocotal |
| 260 | |a Managua |b UNI |c 2015 | ||
| 300 | |a 137 p. :il. | ||
| 500 | |a Contiene: anexos. | ||
| 502 | |a Tesis (Maestría en Políticas Públicas) - UNI, 2015. | ||
| 520 | 3 | |a La presente investigación tiene como objetivo formulación de política pública de Desarrollo económico del municipio de Ocotal, que contribuya al fortalecimiento de la gestión pública municipal encaminada a promover el desarrollo económico local con equidad de género, a la vez. Permitió validar las herramientas científico-técnicas. | |
| 650 | 7 | |a DESARROLLO ECONOMICO-INVESTIGACIONES-NICARAGUA | |
| 650 | 7 | |b POLITICA ECONOMICA | |
| 650 | 7 | |c POLITICA PÚBLICA | |
| 650 | 7 | |d GESTION PUBLICA-MUNICIPAL | |
| 700 | 1 | |a Tutor: |b Altamirano, Javier Roque | |
| 942 | |c BK |2 ddc | ||
| 991 | |a TESIS | ||
| 999 | |c 19244 | ||